TV Characters to Show - Click Quiz (2000s U.S. Sitcoms) - Statistics

General Stats
  • This quiz has been taken 193 times
    168 since last reset
  • The average score is 24 of 36
Answer Stats
Hint Answer % Correct
Sheldon Cooper
89%
Penny
87%
Dwight Schrute
86%
Michael Scott
83%
Rajesh "Raj" Koothrappali
82%
Gloria Delgado-Pritchett
80%
Leonard Hofstadter
79%
Frasier Crane
79%
Claire Dunphy
78%
Pam Beesly
78%
Barney Stinson
77%
Jay Pritchett
75%
Phil Dunphy
75%
Howard Wolowitz
73%
Jim Halpert
73%
Ray Barone
69%
Ted Mosby
68%
Robin Scherbatsky
68%
Marshall Eriksen
67%
Lily Aldrin
66%
Creed Bratton
65%
Fez
65%
Eric Forman
64%
Michael Kelso
63%
Oscar Martinez
60%
Niles Crane
59%
Jackie Burkhart
56%
Frank Barone
55%
Debra Barone
55%
Carrie Heffernan
52%
Marie Barone
50%
Doug Heffernan
45%
Arthur Spooner
45%
Roz Doyle
41%
Daphne Moon
40%
Deacon Palmer
37%
No matching quizzes found
Score Distribution
Percent of People with Each Score
Percentile by Number Answered
Your Score History
You have not taken this quiz since the last reset